United States Trivia: Groups of 4 & 6 - Statistics

General Stats
  • This quiz has been taken 248 times
  • The average score is 9 of 24
Answer Stats
Hint Answer % Correct
"Big Six" US Civil Rights Leaders Martin Luther King, Jr.
89%
Current US State Capitals with the Same First Letter as Their State Oklahoma City, OK
67%
Female US Supreme Court Justices Ruth Bader Ginsburg
66%
Current US State Capitals with the Same First Letter as Their State Indianapolis, IN
65%
US Officers with the Rank of General of the Army During WWII Dwight D. Eisenhower
64%
US Districts and Territories Honored on US Quarters The Commonwealth of Puerto Rico
64%
US Districts and Territories Honored on US Quarters Guam
62%
Current US State Capitals with the Same First Letter as Their State Honolulu, HI
59%
Female US Supreme Court Justices Sandra Day O'Connor
56%
Current US State Capitals with the Same First Letter as Their State Dover, DE
51%
Female US Supreme Court Justices Sonia Sotomayor
46%
US Districts and Territories Honored on US Quarters The US Virgin Islands
41%
US Officers with the Rank of General of the Army During WWII Douglas MacArthur
40%
US Districts and Territories Honored on US Quarters American Samoa
39%
US Districts and Territories Honored on US Quarters District of Columbia
35%
Female US Supreme Court Justices Elena Kagan
30%
US Officers with the Rank of General of the Army During WWII George Marshall
20%
"Big Six" US Civil Rights Leaders John Lewis
13%
US Districts and Territories Honored on US Quarters The Northern Mariana Islands
12%
"Big Six" US Civil Rights Leaders Whitney Young
3%
US Officers with the Rank of General of the Army During WWII Henry H. Arnold
2%
"Big Six" US Civil Rights Leaders A. Philip Randolph
1%
"Big Six" US Civil Rights Leaders James Farmer
1%
"Big Six" US Civil Rights Leaders Roy Wilkins
1%
No matching quizzes found
Score Distribution
Percent of People with Each Score
Percentile by Number Answered
Your Score History
You have not taken this quiz